书目信息 |
| 题名: |
生物质燃料用户手册
|
|
| 作者: | 瓦雷斯 主编 ;王革华 , 原鲲 译 | |
| 分册: | ||
| 出版信息: | 北京 化学工业出版社 2007.09 |
|
| 页数: | 159页 | |
| 开本: | 24cm | |
| 丛书名: | ||
| 单 册: | ||
| 中图分类: | TK6-62 | |
| 科图分类: | ||
| 主题词: | 生物能源--sheng wu neng yuan--燃料--手册 | |
| 电子资源: | ||
| ISBN: | 978-7-5025-9671-2 | |
| 000 | 01249nam0 2200277 450 | |
| 001 | 012007927925 | |
| 005 | 20071108090233.96 | |
| 010 | @a978-7-5025-9671-2@dCNY22.00 | |
| 100 | @a20071107d2007 km y0chiy0120 ea | |
| 101 | 1 | @achi@ceng |
| 102 | @aCN@b110000 | |
| 105 | @aa a 000yy | |
| 106 | @ar | |
| 200 | 1 | @a生物质燃料用户手册@Asheng wu zhi ran liao yong hu shou ce@d= Manual for biofuel users@f(爱沙尼亚) 维鲁·瓦雷斯主编@F(ai sha ni ya)wei lu·wa lei si zhu bian@g王革华, 原鲲译@Gwang ge hua,yuan kun yi@zeng |
| 210 | @a北京@c化学工业出版社@d2007.09 | |
| 215 | @a159页@c图@d24cm | |
| 320 | @a有书目 (第157-159页)。 | |
| 330 | @a本书以北欧和波罗的海国家的实践为基础,详细介绍了固体生物质燃料的生产、储存、燃烧、烟气净化及灰渣处理等多方面的技术内容,阐述了生物质燃料供热系统的规划和设计方法,并介绍了波罗的海国家在生物质燃料锅炉站的建造和运行方面的经验。本书提供了丰富的技术参数和应用案例,具有较高的借鉴价值。 | |
| 500 | 10 | @aManual for biofuel users@mChinese |
| 606 | 0 | @a生物能源@Asheng wu neng yuan@x燃料@j手册 |
| 690 | @aTK6-62@v4 | |
| 701 | 1 | @a瓦雷斯@Awa lei si@g(Vares, Villu)@4主编 |
| 702 | 0 | @a王革华@Awang ge hua@4译 |
| 702 | 0 | @a原鲲@Ayuan kun@4译 |
| 801 | 0 | @aCN@b@c20071108 |
| 905 | @b265471-73@dTK6-62@eW008@f3 | |
| 生物质燃料用户手册= Manual for biofuel users/(爱沙尼亚) 维鲁·瓦雷斯主编/王革华, 原鲲译.-北京:化学工业出版社,2007.09 |
| 159页:图;24cm |
| ISBN 978-7-5025-9671-2:CNY22.00 |
| 本书以北欧和波罗的海国家的实践为基础,详细介绍了固体生物质燃料的生产、储存、燃烧、烟气净化及灰渣处理等多方面的技术内容,阐述了生物质燃料供热系统的规划和设计方法,并介绍了波罗的海国家在生物质燃料锅炉站的建造和运行方面的经验。本书提供了丰富的技术参数和应用案例,具有较高的借鉴价值。 |
| ● |
| 相关链接 |
|
|
|
正题名:生物质燃料用户手册
索取号:TK6-62/W008
 
预约/预借
| 序号 | 登录号 | 条形码 | 馆藏地/架位号 | 状态 | 备注 |
| 1 | 265471 | 202654715 | 期刊室512/501自科库 136排7列6层/ [索取号:TK6-62/W008] | 在馆 | |
| 2 | 265472 | 202654724 | 自科二线400A/400A自科库 26排2列4层/ [索取号:TK6-62/W008] | 在馆 | |
| 3 | 265473 | 202654733 | 自科二线400A/400A自科库 26排2列4层/ [索取号:TK6-62/W008] | 在馆 |